ბათუმის შოთა რუსთაველის სახელმწიფო უნივერსიტეტის ბიბლიოთეკა

საქართველოს მთავრობის დადგენილება №82 2010 წლის 22 მარტი. "საკანონმდებლო აღმასრულებელი სა სასამართლო ხელისუფლების ორგანოების, საჯარო სამართლის იურიდიული პირების, სახელმწიფო ბიუჯეტის დაფინანსებაზე მყოფი სხვა ორგანიზაციების, აგრეთვე საზღვარგარეთ საქ-ს დიპლომატიური წარმომადგენლობებისა და საკონსულო.. (ბიბ.ჩანაწერი № 52837)

000 -LEADER
fixed length control field 01950nam a2200181Ia 4500
001 - CONTROL NUMBER
control field 19867
003 - CONTROL NUMBER IDENTIFIER
control field GE_BSU
008 - FIXED-LENGTH DATA ELEMENTS--GENERAL INFORMATION
fixed length control field 181216s||||||||xx |||||||||||||| ||und||
040 ## - CATALOGING SOURCE
Transcribing agency GE_BSU
080 ## - UNIVERSAL DECIMAL CLASSIFICATION NUMBER
Universal Decimal Classification number 34
245 ## - TITLE STATEMENT
Title საქართველოს მთავრობის დადგენილება №82 2010 წლის 22 მარტი. "საკანონმდებლო აღმასრულებელი სა სასამართლო ხელისუფლების ორგანოების, საჯარო სამართლის იურიდიული პირების, სახელმწიფო ბიუჯეტის დაფინანსებაზე მყოფი სხვა ორგანიზაციების, აგრეთვე საზღვარგარეთ საქ-ს დიპლომატიური წარმომადგენლობებისა და საკონსულო..
260 ## - PUBLICATION, DISTRIBUTION, ETC.
Place of publication, distribution, etc. თბილისი
260 ## - PUBLICATION, DISTRIBUTION, ETC.
Date of publication, distribution, etc. ?
300 ## - PHYSICAL DESCRIPTION
Extent 12გვ.
653 ## - INDEX TERM--UNCONTROLLED
Uncontrolled term საქართველოს მთავრობის დადგენილება №82 2010 წლის 22 მარტი. "საკანონმდებლო აღმასრულებელი სა სასამართლო ხელისუფლების ორგანოების, საჯარო სამართლის იურიდიული პირების, სახელმწიფო ბიუჯეტის დაფინანსებაზე მყოფი სხვა ორგანიზაციების, აგრეთვე საზღვარგარეთ საქ-ს დიპლომატიური წარმომადგენლობებისა და საკონსულო დ
942 ## - ADDED ENTRY ELEMENTS (KOHA)
Koha item type წიგნი
ეგზემპლარები
Withdrawn status Lost status Damaged status Not for loan Date acquired Barcode Date last seen Price effective from Koha item type Public note
        2018-12-17 00437 2018-12-17 2018-12-17 წიგნი ქსეროქსი